[Event "Charlotte Spring-A 2022"]
[Site "Charlotte"]
[Date "2022.03.19"]
[Round "5.5"]
[White "Liang, Jason"]
[Black "Korley, Kassa"]
[Result "0-1"]
[WhiteElo "2419"]
[BlackElo "2399"]
[Annotator "TA"]
[PlyCount "86"]
[EventDate "2022.03.16"]
[EventType "tourn"]
[EventCountry "USA"]
[SourceTitle "playchess.com"]
[Source "ChessBase"]
[SourceQuality "1"]

{[%evp 19,86,0,15,0,7,0,0,-10,37,0,0,0,33,-79,-70,-58,-65,-85,-93,-77,-71,-87,-77,-78,-92,-162,-121,-241,-258,-385,-368,-345,-360,-326,-230,-210,-225,-223,-223,-259,-239,-239,-239,-239,-239,-239,-239,-239,-239,-239,-239,-239,-239,-239,-224,-213,-213,-1610,-1419,-12836,-12835,-12837,-12837,-1788,-1304,-12841,-12842,-12842,-12843]} 1. e4 e6 2. d4 d5 3. e5 c5 4. c3 Nc6 5. Nf3 Nge7 6. Na3 cxd4 7. cxd4 Nf5 8. Nc2 Bd7 9. Be2 Qb6 10. O-O a5 11. b3 {C02: French: Advance Variation.} Rc8 12. Rb1 Be7 13. a3 {[#] The position is equal.} h5 $146 (13... Na7 $11) ({Predecessor:} 13... Na7 14. b4 Ba4 15. Bd3 axb4 16. axb4 Nb5 17. Bb2 O-O 18. Qd2 Bxc2 19. Bxc2 Rc4 {½-½ (62) Istona,M (2240)-Bombek,P (2207) Slovakia 2017}) 14. b4 axb4 15. axb4 Na5 (15... Nxb4 $2 16. Nxb4 Qa7 17. Bf4 $18) (15... Bxb4 $2 16. Ba3 $18) 16. Na3 (16. Ne3 $14 {stays ahead.}) 16... Nc4 $17 {Black is much more active.} (16... Bxb4 $2 17. Bd2 $18) 17. Nxc4 dxc4 18. d5 {Inhibits Bc6. Black converts the advantage convincingly.} exd5 19. Qxd5 Be6 20. Qe4 O-O {[%cal Bh8f8,Bf8d8,Bd8d4][%mdl 32]} (20... Bxb4 $2 21. Ba3 $1 $18 {[%mdl 512]}) 21. Bg5 Rfd8 (21... Bxb4 $2 22. Bd2 $18) 22. g3 (22. Rfd1 $17) 22... g6 (22... c3 $19 {Hoping for ...Bxg5.} 23. Rbc1 (23. Bxe7 Nxe7 24. Rbc1 c2 $17) 23... g6 24. Bxe7 Nxe7) 23. Qf4 (23. Rfd1 $17) 23... Nd4 $19 24. Nxd4 (24. Rfe1 $142 Nxf3+ 25. Bxf3 Bxg5 26. Qxg5) 24... Rxd4 25. Qe3 Bxg5 26. Qxg5 Qd8 27. Qxd8+ Rcxd8 ({Stronger than} 27... Rdxd8 28. Rfd1 $17) 28. Bf3 b5 {And now ...c3 would win.} 29. Ra1 c3 30. Rfc1 Rc8 ({Don't blunder} 30... Rxb4 $2 31. Rxc3 Rd2 32. h4) 31. Ra8 Rxa8 32. Bxa8 Rxb4 33. Rxc3 {[%mdl 4096] Endgame [#] KRB-KRB} Ra4 $1 34. Bb7 b4 35. Rc5 b3 36. Rb5 {Prevents Rb4.} Bc4 37. Rb6 Ra5 {White must now prevent ...Rb5.} 38. f4 $2 (38. e6 f5 39. Bc6) 38... Rb5 {Black is clearly winning.} 39. Rxb5 Bxb5 40. e6 fxe6 41. Be4 Be2 42. Bxg6 Bg4 43. Bd3 b2 {Weighted Error Value: White=0.80/Black=0.24 (precise)} 0-1

[Event "Charlotte Spring-A 2022"]
[Site "Charlotte"]
[Date "2022.03.19"]
[Round "6.1"]
[White "Dragun, Kamil"]
[Black "Korley, Kassa"]
[Result "1/2-1/2"]
[WhiteElo "2590"]
[BlackElo "2399"]
[Annotator "TA"]
[PlyCount "59"]
[EventDate "2022.03.16"]
[EventType "tourn"]
[EventCountry "USA"]
[SourceTitle "playchess.com"]
[Source "ChessBase"]
[SourceQuality "1"]

{[%evp 10,59,0,-5,0,-4,14,-3,40,46,39,13,22,0,0,0,0,0,27,23,21,17,18,0,0,-22,-19,-28,21,19,21,23,19,19,22,25,26,19,40,35,28,33,33,0,40,14,22,0,14,0,22,0]} 1. d4 d5 2. Nf3 Nf6 3. Bf4 e6 4. e3 Bd6 5. Ne5 O-O 6. Nd2 b6 {D02: 1 d4 d5 2 Nf3 sidelines, including 2...Nf6 3 g3 and 2...Nf6 3 Bf4.} 7. h4 $1 {[%cal Bh2h4,Bh4h5,Bh5h6][%mdl 4] is recently more successful than 7.Bd3.} Bb7 8. h5 {[#]} Nbd7 $146 (8... c5 $11 {is more appropriate.}) ({Predecessor:} 8... h6 9. Qf3 Nc6 10. Qg3 Kh8 11. Nxc6 Bxc6 12. Bxd6 cxd6 13. c3 Qe7 14. Be2 b5 {0-1 (67) Tabatabaei,M (2555)-Caruana,F (2765) Riga 2021}) 9. h6 $14 g6 10. Bb5 c6 11. Bd3 {[%cal Oe5g6] aiming for Nxg6!} ({Much worse is} 11. Bxc6 Bxc6 12. Nxc6 Qc7 13. Bxd6 Qxd6 $11) 11... Qc7 {[%cal Rd7e5]} 12. Ndf3 c5 13. c3 c4 14. Bc2 b5 15. g4 Ne4 16. Nxd7 Qxd7 17. Bxd6 (17. g5 {keeps more tension.} Bxf4 18. exf4 f6 19. gxf6 Rxf6 20. Ne5) 17... Qxd6 18. g5 f6 (18... Qe7 $142) 19. gxf6 $11 Rxf6 20. Bxe4 dxe4 21. Ne5 Raf8 22. Rh2 Bd5 23. a3 a5 24. Qg4 Qc7 25. Qg3 Rf5 26. Rg2 R8f6 27. Ng4 Rf7 {The position is equal.} 28. Ne5 R7f6 29. Ng4 Rf7 30. Ne5 {Weighted Error Value: White=0.09 (flawless) /Black=0.10 (very precise)} 1/2-1/2

[Event "Charlotte Spring-A 2022"]
[Site "Charlotte"]
[Date "2022.03.19"]
[Round "6.2"]
[White "Lee, Michael"]
[Black "Liang, Jason"]
[Result "1/2-1/2"]
[WhiteElo "2379"]
[BlackElo "2419"]
[Annotator "NA"]
[PlyCount "60"]
[EventDate "2022.03.16"]
[EventType "tourn"]
[EventCountry "USA"]
[SourceTitle "playchess.com"]
[Source "ChessBase"]
[SourceQuality "1"]
[TimeControl "5400+30"]

1. d4 {[%emt 0:01:47]} d5 {[%emt 0:00:11]} 2. c4 {[%emt 0:00:06]} e6 {[%emt 0:00:06]} 3. Nc3 {[%emt 0:00:05]} a6 {[%emt 0:00:20]} 4. cxd5 {[%emt 0:00:46]} exd5 {[%emt 0:00:07]} 5. Nf3 {[%emt 0:00:07]} c6 {[%emt 0:00:09]} 6. Bf4 {[%emt 0:00:39]} Bd6 {[%emt 0:00:13]} 7. Bxd6 {[%emt 0:00:46]} Qxd6 {[%emt 0:00:07]} 8. e4 {[%emt 0:00:17]} dxe4 {[%emt 0:00:29]} 9. Nxe4 {[%emt 0:00:04]} Qe7 {[%emt 0:00:21]} 10. Qe2 {[%emt 0:00:05]} Nd7 {[%emt 0:00:29]} 11. Nd6+ {[%emt 0:01:10]} Kf8 {[%emt 0:00:20]} 12. Nc4 {[%emt 0:01:31]} Ngf6 {[%emt 0:01:57]} 13. O-O-O {[%emt 0:02:21]} Qxe2 {[%emt 0:24:10]} 14. Bxe2 {[%emt 0:00:05]} Ne4 {[%emt 0:01:04]} 15. Rhf1 {[%emt 0:00:36]} Ndf6 {[%emt 0:01:17]} 16. Nfe5 {[%emt 0:12:34]} Be6 $11 {[%emt 0:02:21]} 17. f3 {[%emt 0:06:52]} Bxc4 {[%emt 0:00:17]} 18. Nxc4 {[%emt 0:06:59]} Ng5 {[%emt 0:00:14]} 19. Na5 {[%emt 0:00:09]} Rb8 {[%emt 0:05:01]} 20. Bc4 {[%emt 0:00:32]} Nd5 {[%emt 0:01:17]} 21. Rfe1 {[%emt 0:07:47]} Ne6 {[%emt 0:02:04]} 22. Bxd5 {[%emt 0:14:26]} cxd5 {[%emt 0:00:09]} 23. Re5 {[%emt 0:00:14]} b6 {[%emt 0:01:08]} 24. Nb3 {[%emt 0:00:05]} Rd8 {[%emt 0:00:51]} 25. Na1 {[%emt 0:00:33]} Ke7 {[%emt 0:03:42]} 26. Nc2 {[%emt 0:01:01]} f6 {[%emt 0:01:05]} 27. Re3 {[%emt 0:02:35]} Kd6 {[%emt 0:00:28]} 28. Rde1 {[%emt 0:00:08]} Rhe8 {[%emt 0:00:59]} 29. Kd2 {[%emt 0:01:07]} Rc8 {[%emt 0:01:04]} 30. b3 {[%emt 0:00:36]} Nc7 {[%emt 0:02:47]} 1/2-1/2

[Event "Charlotte Spring-A 2022"]
[Site "Charlotte"]
[Date "2022.03.19"]
[Round "6.3"]
[White "Bodek, Michael"]
[Black "Guo, Arthur"]
[Result "1-0"]
[WhiteElo "2418"]
[BlackElo "2412"]
[Annotator "NA"]
[PlyCount "75"]
[EventDate "2022.03.16"]
[EventType "tourn"]
[EventCountry "USA"]
[SourceTitle "playchess.com"]
[Source "ChessBase"]
[SourceQuality "1"]
[TimeControl "5400+30"]

1. e4 {[%emt 0:00:03]} e5 {[%emt 0:00:26]} 2. Nf3 {[%emt 0:00:05]} Nc6 {[%emt 0:00:06]} 3. Bc4 {[%emt 0:00:04]} Bc5 {[%emt 0:00:22]} 4. c3 {[%emt 0:00:25]} Nf6 {[%emt 0:00:05]} 5. d3 {[%emt 0:00:05]} d6 {[%emt 0:00:06]} 6. O-O {[%emt 0:01:02]} h6 {[%emt 0:00:22]} 7. Bb3 {[%emt 0:00:54]} a6 {[%emt 0:00:46]} 8. Re1 {[%emt 0:01:22]} Ba7 {[%emt 0:00:31]} 9. Nbd2 {[%emt 0:07:32]} g5 {[%emt 0:01:52]} 10. Nf1 {[%emt 0:09:23]} g4 {[%emt 0:00:13]} 11. N3d2 {[%emt 0:02:35]} Nh5 {[%emt 0:00:47]} 12. Nc4 {[%emt 0:07:15]} Qf6 {[%emt 0:00:33]} 13. Be3 {[%emt 0:02:38]} Nf4 {[%emt 0:00:32]} 14. Bxa7 {[%emt 0:04:20]} Nxa7 {[%emt 0:00:05]} 15. Nce3 {[%emt 0:03:41]} h5 $14 {[%emt 0:02:00]} 16. Nd5 {[%emt 0:16:02]} Nxd5 {[%emt 0:00:54]} 17. exd5 {[%emt 0:03:06]} Bd7 {[%emt 0:00:20]} 18. d4 {[%emt 0:01:38]} O-O-O {[%emt 0:00:13]} 19. dxe5 {[%emt 0:01:04]} dxe5 {[%emt 0:00:07]} 20. Qe2 {[%emt 0:01:53]} Rhe8 {[%emt 0:05:35]} 21. c4 {[%emt 0:02:35]} Kb8 {[%emt 0:13:36]} 22. Rac1 {[%emt 0:06:24]} c5 {[%emt 0:01:39]} 23. Nd2 {[%emt 0:03:13]} Qe7 {[%emt 0:14:22]} 24. Ne4 {[%emt 0:01:47]} b6 {[%emt 0:05:34]} 25. Nc3 {[%emt 0:01:03]} f5 {[%emt 0:01:31]} 26. Ba4 {[%emt 0:03:24]} Nc8 {[%emt 0:02:29]} 27. Rb1 {[%emt 0:02:50]} Ka7 {[%emt 0:05:00]} 28. Qc2 {[%emt 0:04:20]} Nd6 {[%emt 0:05:37]} 29. Bxd7 {[%emt 0:01:37]} Rxd7 {[%emt 0:02:10]} 30. Qa4 {[%emt 0:02:01]} Rc7 {[%emt 0:03:00]} 31. b4 {[%emt 0:03:51]} Qd7 {[%emt 0:16:13]} 32. bxc5 {[%emt 0:01:35]} Qxa4 {[%emt 0:00:02]} 33. cxb6+ {[%emt 0:00:20]} Ka8 {[%emt 0:00:00]} 34. Nxa4 {[%emt 0:00:27]} Rxc4 {[%emt 0:00:05]} 35. b7+ {[%emt 0:00:45]} Ka7 {[%emt 0:04:08]} 36. Nb6 {[%emt 0:07:11]} Rb8 {[%emt 0:07:02]} 37. Nxc4 {[%emt 0:00:00]} Nxc4 {[%emt 0:10:37]} 38. Rb4 {[%emt 0:00:00]} 1-0

[Event "Charlotte Spring-A 2022"]
[Site "Charlotte"]
[Date "2022.03.19"]
[Round "6.4"]
[White "Mista, Aleksander"]
[Black "Ostrovskiy, Aleksandr"]
[Result "1-0"]
[WhiteElo "2551"]
[BlackElo "2409"]
[Annotator "TA"]
[PlyCount "53"]
[EventDate "2022.03.16"]
[EventType "tourn"]
[EventCountry "USA"]
[SourceTitle "playchess.com"]
[Source "ChessBase"]
[SourceQuality "1"]

{[%evp 15,53,19,16,18,13,11,37,5,31,9,5,-4,34,-34,-23,-70,-61,-44,-51,-57,0,0,-10,-52,-60,-80,0,0,0,0,0,0,58,43,673,546,29988,29989,29989,29981]} 1. e4 c6 2. d4 d5 3. Nc3 dxe4 4. Nxe4 Nf6 5. Nxf6+ exf6 6. c3 Bd6 7. Bd3 O-O 8. Ne2 Re8 9. O-O {B15: Caro-Kann: 3 Nc3: 3...g6 and 3...dxe4 4 Nxe4 Nf6 5 Nxf6+ exf6.} Nd7 {9...Nd7 scores better than 9...Qc7.} 10. Ng3 g6 {Prevents Nf5.} 11. Bh6 {White is slightly better.} (11. Ne4 $5 {[%cal Re4d6]} Nb6 12. Nxd6 Qxd6 13. Qf3 $14) 11... Nf8 12. Qd2 Ne6 {[#]} 13. Rae1 $146 ({Predecessor:} 13. Rad1 f5 14. d5 cxd5 15. Bb5 Bd7 16. Qxd5 Bxb5 17. Qxb5 Qc7 18. Rfe1 a6 19. Qd5 {½-½ (83) Willow,J (2396)-Gourlay,I (2342) Newcastle on Tyne 2021}) 13... Bd7 14. f4 ({White should try} 14. Ne4 $14 Be7 15. f3) 14... f5 $15 15. Bxf5 gxf5 16. Nxf5 Bc7 17. Rf3 $1 {Rg3+ is the strong threat.} Nf8 (17... Kh8 $1 $15 18. Rg3 Rg8 19. Rxg8+ Qxg8 20. Rxe6 Bxe6 21. Bg7+ Qxg7 $1 22. Nxg7 Kxg7) 18. Rxe8 $11 Qxe8 19. Ng7 (19. Re3 $11 Be6 20. Bg5 Bxf5 21. Rxe8 Rxe8 22. h3) 19... Qe4 $15 {[%cal Oc6c5]} 20. Nh5 {[#]} Qf5 {Prevents Nf6+.} ({Black should play} 20... Qb1+ $1 $17 21. Kf2 Bf5) 21. g4 Qb1+ (21... Qxg4+ $2 22. Rg3 Qxg3+ 23. hxg3 $18) 22. Kf2 $1 {Hoping for f5.} Bd8 (22... Qh1 $2 23. Nf6+ Kh8 24. Rh3 (24. Bxf8 Qxh2+ 25. Ke3 Qg1+ 26. Qf2 Qc1+ 27. Qd2 Qg1+ 28. Qf2 Qc1+ 29. Qd2 Qg1+ $11) 24... Bxg4 25. Nxg4 $18) 23. f5 {Black must now prevent Bxf8.} Qh1 (23... Qxa2 $2 24. Bxf8 Bh4+ 25. Kg2 Kxf8 26. Qh6+ Ke7 27. Kh3 Qxb2 28. Qf4 $18 (28. Kxh4 Qxh2+ 29. Rh3 Qf2+ 30. Rg3 Qh2+ 31. Rh3 Qf2+ 32. Rg3 Qh2+ 33. Rh3 $11)) ({Better is} 23... Bh4+ $11 24. Kg2 Qe4) 24. Rh3 $14 {Strongly threatening Bg5. Dancing on a razor blade.} Ng6 $2 {[%mdl 8192]} 25. fxg6 fxg6 {[#]} 26. Qf4 {[%csl Gh6][%cal Rf4f8] Inhibits Qe4.} Be7 27. Nf6+ {Weighted Error Value: White=0.22 (precise) /Black=0.94} 1-0

[Event "Charlotte Spring-A 2022"]
[Site "Charlotte"]
[Date "2022.03.19"]
[Round "6.5"]
[White "Mishra, Abhimanyu"]
[Black "Panjwani, Raja"]
[Result "0-1"]
[WhiteElo "2505"]
[BlackElo "2436"]
[Annotator "TA"]
[PlyCount "148"]
[EventDate "2022.03.16"]
[EventType "tourn"]
[EventCountry "USA"]
[SourceTitle "playchess.com"]
[Source "ChessBase"]
[SourceQuality "1"]

{[%evp 18,148,43,38,49,37,47,37,45,18,54,49,50,0,0,0,0,-7,30,22,29,7,41,37,41,53,41,43,57,45,45,35,65,56,75,45,61,42,120,127,127,122,241,239,320,311,408,185,210,153,138,160,129,148,136,0,0,0,0,0,0,0,0,0,0,0,0,-81,-64,-161,-157,-239,-122,-126,-114,-111,-64,-122,0,0,0,0,0,0,0,0,0,0,0,0,0,0,0,0,0,0,0,-624,-510,-439,-403,-4546,-2062,-1822,-2118,-12834,-12835,-12840,-12837,-12841,-12841,-12841,-12839,-12839,-12839,-12840,-12840,-12841,-12841,-12843,-12844,-12844,-12845,-12846,-12846,-12847,-12847,-12847,-12847,-12849,-12847,-12849,-12847]} 1. e4 e5 2. Nf3 Nc6 3. Bc4 Nf6 4. d3 h6 5. O-O d6 6. c3 g6 7. d4 Qe7 8. Re1 Bg7 9. Nbd2 O-O 10. h3 {[#]} a5 $146 {C55: Two Knights: 4 d3, 4 d4 exd4 5 e5 and Max Lange Attack.} ({Predecessor:} 10... Nh7 11. Nf1 Ng5 12. Nxg5 hxg5 13. d5 Nb8 14. Bd3 Nd7 15. Ne3 a5 16. b4 f5 17. exf5 e4 18. fxg6 Bxc3 {1-0 (65) Jones,G (2682)-Howell,D (2696) London 2018}) 11. Nf1 a4 12. Ng3 Bd7 {White is slightly better.} 13. Be3 Nh7 14. Qc2 h5 15. dxe5 (15. d5 $14 Na5 16. Bd3) 15... Nxe5 $11 16. Nxe5 dxe5 17. b4 b6 {Inhibits Bc5.} 18. Rad1 Rfd8 19. Rd2 (19. a3 {looks sharper.} Nf8 20. Ne2 Rac8 21. Rd3 b5 22. Ba2) 19... Be8 20. Rxd8 Rxd8 21. b5 $1 a3 22. Qb3 Ng5 23. Bd5 Ne6 24. c4 Bf8 25. Ne2 Qf6 26. Qc3 Bd6 27. Rf1 {[%cal Of2f4]} Qe7 (27... Bd7 $14) 28. f4 $1 $16 exf4 29. Nxf4 Bd7 (29... Kh7 $16) 30. Nd3 $1 $18 Qh4 31. Rf3 Be8 32. Ne5 (32. Bxe6 $142 {And now Bh6 would win.} fxe6 33. c5 (33. Bh6 Qe7 $18) 33... bxc5 34. Bh6 (34. Nxc5 Qe7 $16) (34. Bxc5 Qxe4 35. Bxd6 Rxd6 $14)) 32... Qe7 {[#]} 33. Nxg6 $1 {[%mdl 512]} fxg6 34. Rf6 Bb4 {[#]} (34... Bf7 $2 35. Bxe6 Bxe6 36. Rxg6+ Kh7 37. Rh6+ Kg8 38. Rh8+ Kf7 39. Rh7+ Ke8 40. Rxe7+ $18) 35. Rxe6 $1 {[%mdl 512]} Rxd5 {[#]} 36. Rxe7 (36. exd5 $2 Qxe6 37. Qxa3 Bxa3 $19) (36. cxd5 $1 $16 Qxe6 37. Qxb4) 36... Rd1+ $11 37. Kf2 {[%csl Ge7][%cal Rc3g7]} Bxc3 38. Rxe8+ {[%cal Be7e8,Be8a8,Ba8a7,Ba7c7][%mdl 4128] Endgame KRB-KRB} Kf7 39. Ra8 Ba5 $1 {Strongly threatening ...Ra1.} 40. Ra7 Ra1 41. Rxc7+ Ke8 42. Bd4 (42. Rc8+ Kd7 43. Rc6 Rxa2+ 44. Kf3 Ra1 $15) (42. c5 $11 {remains equal.} Rxa2+ 43. Kf3) 42... Rxa2+ $17 43. Kf3 (43. Ke3 $1 $15) 43... Rd2 $19 {[%mdl 1024] Black has strong compensation.} 44. Bf6 (44. Bh8 $17) 44... Rd1 ({Better is} 44... a2 $1 $19 {aiming for ...Rd3+.} 45. c5 Rd1) 45. Ke2 $17 Re1+ 46. Kd3 a2 (46... Rf1 $1 $17 {[%cal Rf1f6]} 47. Bh8 a2) 47. c5 {[#]} ({White should try} 47. Re7+ $15 Kf8 48. Ra7) 47... bxc5 (47... Rf1 $1 $17 {[%cal Rf1f6]} 48. Bb2 bxc5) 48. Re7+ $1 $11 Kf8 49. Ra7 a1=Q 50. Bxa1 Rxa1 {KRB-KR} 51. Ra8+ $1 Ke7 52. b6 $1 {Black must now prevent b7.} c4+ 53. Kc2 (53. Kxc4 $2 Rc1+ 54. Kb5 Rb1+ 55. Ka6 Bxb6 $19) 53... Ra2+ 54. Kd1 $1 ({Avoid the trap} 54. Kb1 $2 Ra3 55. b7 Rb3+ 56. Kc2 Bc7 $19) 54... Ra1+ (54... c3 $5 55. Kc1 {[#]} (55. b7 $2 Rd2+ 56. Kc1 Bc7 $19) 55... Rxg2 $1 56. Rxa5 Rb2 $11) 55. Kc2 {b7 is the strong threat.} Ra2+ 56. Kd1 $1 ({Not} 56. Kb1 $2 Ra3 57. b7 Rb3+ 58. Kc2 Bc7 $19) 56... c3 57. b7 $2 {[%mdl 8192]} (57. Kc1 $11) 57... Rd2+ $19 58. Kc1 Bc7 59. b8=Q (59. Rc8 $142 Be5 60. Rc5) 59... Bxb8 {Black is clearly winning.} 60. Rxb8 Rxg2 {KR-KR} 61. Rb6 h4 62. e5 g5 63. Rc6 Rg3 64. Rg6 Kf7 65. Rf6+ Kg7 66. Rf5 Kg6 67. Rf6+ Kh5 68. e6 Rxh3 69. Rf8 Re3 70. Re8 Kg4 71. e7 h3 {[%cal Bh4h3,Bh3h2][%mdl 32]} 72. Kc2 h2 73. Rh8 Kg3 74. Rh5 g4 {What a fight!  Weighted Error Value: White=0.40/Black=0.18 (very precise)} 0-1

[Event "Charlotte Spring-A 2022"]
[Site "Charlotte"]
[Date "2022.03.20"]
[Round "7.1"]
[White "Panjwani, Raja"]
[Black "Dragun, Kamil"]
[Result "1/2-1/2"]
[WhiteElo "2436"]
[BlackElo "2590"]
[Annotator "TA"]
[PlyCount "37"]
[EventDate "2022.03.16"]
[EventType "tourn"]
[EventCountry "USA"]
[SourceTitle "playchess.com"]
[Source "ChessBase"]
[SourceQuality "1"]

{[%evp 12,14,0,-2,5]} 1. Nf3 {Wojtaszek,Radoslaw} Nf6 2. c4 e6 3. g3 d5 4. d4 Bb4+ 5. Bd2 Be7 6. Bg2 c6 7. Qc2 Nbd7 {[#] An uneventful encounter. E15: Queen's Indian: 4 g3 sidelines, 4 g3 Ba6 and 4 g3 Bb7 early deviations.} {Predecessor:} 8. O-O $146 b6 9. Rd1 Ba6 10. b3 O-O 11. a4 h6 12. a5 Qc8 13. Na3 c5 14. Qb2 bxa5 15. Bxa5 Rb8 16. Qa2 dxc4 17. Nxc4 Bb7 18. Rdc1 Bd5 19. Bd2 {½-½ (67) Wojtaszek,R (2705)-Anton Guijarro,D (2679) Wijk aan Zee 2021 CBM 200 [Wojtaszek,Radoslaw]} 1/2-1/2

[Event "Charlotte Spring-A 2022"]
[Site "Charlotte"]
[Date "2022.03.20"]
[Round "7.2"]
[White "Ostrovskiy, Aleksandr"]
[Black "Mishra, Abhimanyu"]
[Result "1/2-1/2"]
[WhiteElo "2409"]
[BlackElo "2505"]
[Annotator "TA"]
[PlyCount "56"]
[EventDate "2022.03.16"]
[EventType "tourn"]
[EventCountry "USA"]
[SourceTitle "playchess.com"]
[Source "ChessBase"]
[SourceQuality "1"]

{[%evp 12,56,20,18,20,22,14,10,17,17,11,10,40,17,9,19,10,16,18,14,27,0,0,0,0,0,43,45,41,49,31,-5,-6,-11,-9,-71,2,0,0,0,0,0,0,0,0,0,-4]} 1. c4 c6 2. d4 d5 3. cxd5 cxd5 4. Bf4 Nc6 5. e3 Nf6 6. Nc3 a6 7. Be2 Bf5 {D10: Slav Defence: 3 cxd5 (without early Nf3) and 3 Nc3.} 8. Nf3 Nh5 9. Bg5 h6 10. Bh4 g5 {[#]} 11. Ne5 $146 ({Predecessor:} 11. Bg3 Nxg3 12. hxg3 Bg7 13. Qb3 b5 14. Qxd5 Qxd5 15. Nxd5 O-O 16. Rc1 Be6 17. Nc7 {1-0 (90) Zijatdinov,R (1754)-Nikitin,E Ufa 2010}) 11... gxh4 (11... Nxe5 12. dxe5) 12. Bxh5 {[%csl Ge5][%cal Rh5f7]} Nxe5 13. dxe5 e6 14. O-O Bg7 15. f4 (15. e4 dxe4 16. Re1 Bxe5 17. Nxe4 O-O $17) 15... O-O 16. Bg4 Bxg4 17. Qxg4 Qb6 {[%csl LRb2,LRe3]} 18. Rae1 Rac8 (18... Qxb2 $11 {might be stronger.} 19. Ne2 (19. Rc1 Rfc8 $17) 19... Qa3) 19. Rf2 Rc4 20. Qxh4 Bxe5 $1 21. Qg3+ Bg7 22. f5 $1 {Threatening mate with f6.} Qc7 23. Qh3 {[#]} (23. Qxc7 $11 {keeps the balance.} Rxc7 24. f6) 23... Qe7 (23... Bxc3 24. bxc3 Re4 25. Qxh6 Qxc3 26. Qg5+ Qg7 27. Qe7 $14) (23... d4 $1 $17 {[%cal Rd4c3]} 24. Nd1 exf5 25. Rxf5 dxe3) 24. Ref1 {f6 is the strong threat. The position is equal.} Qh4 ({But not} 24... Bxc3 25. bxc3 exf5 26. Qxh6 $14 (26. Rxf5 Rxc3 27. Qxh6 Qxe3+ 28. Qxe3 Rxe3 $11)) 25. Qxh4 Rxh4 26. fxe6 fxe6 27. Rxf8+ Bxf8 28. Rf6 Rb4 {Weighted Error Value: White=0.10 (very precise) /Black=0.09 (flawless)} 1/2-1/2